000 00498nam a2200193 a 4500
001 1758288236692
003 YourLibrary
005 20250920112004.0
008 250919s1989##################000#0#eng##
020 _a9780521376082
082 0 4 _a153.46
_bELS
100 1 _aElster, Jon,
_eauthor.
245 1 0 _aSolomonic Judgements :
260 _bCambridge University Press,
_c1989.
300 _a248 pages
650 0 _aEducation.
942 _cENGLISH
040 _aYourLibrary
_beng
_cYourLibrary
999 _c588355
_d588355